000
00303nam a2200133Ia 4500
008
240624s9999 xx 000 0 und d
041
_a
eng
082
_a
828 MOO
100
_a
COLLINS SUZANNE
245
_a
MOCKINGJAY
260
_c
2010
_a
New Delhi
_b
Scholastic
300
_a
295 : p.
365
_c
RS
_b
25
999
_c
21596
_d
21596